[Event "GER-chT U12"]
[Site "Magdeburg"]
[Date "2023.12.28"]
[Round "4.5"]
[White "Schucht, Adrian"]
[Black "Mlynarski, Milosz1"]
[Result "1-0"]
[WhiteElo "1392"]
[BlackElo "1426"]
[PlyCount "120"]
[EventDate "2023.12.26"]
[EventType "team-swiss"]
[EventRounds "7"]
[EventCountry "GER"]
[SourceTitle "CBM 218 Extra"]
[Source "ChessBase"]
[SourceDate "2024.03.31"]
[SourceVersion "1"]
[SourceVersionDate "2024.03.31"]
[SourceQuality "1"]
[WhiteTeam "Oberschoeneweide"]
[BlackTeam "Berlin Empor"]
[WhiteTeamCountry "GER"]
[BlackTeamCountry "GER"]

1. e4 e5 2. Nf3 Nc6 3. d4 exd4 4. Nxd4 Nf6 5. Nxc6 bxc6 6. Bd3 d5 7. exd5 cxd5 8. 0-0 Be7 9. Bf4 0-0 10. Nd2 a5 11. Nf3 c5 12. c3 Qb6 13. b3 Be6 14. Rb1 Rfd8 15. Qe2 Bd6 16. Bxd6 Rxd6 17. Rfd1 Rb8 18. h3 Nh5 19. Qc2 h6 20. Nh4 Rdd8 21. Bf5 Bxf5 22. Nxf5 Nf6 23. Re1 Re8 24. Re2 c4 25. Rxe8+ Nxe8 26. Ne7+ Kf8 27. Nxd5 Qc5 28. Ne3 cxb3 29. axb3 Nd6 30. Qh7 Ne8 31. Nf5 f6 32. Nxg7 Qe7 33. Qh8+ Kf7 34. Nxe8 Rxe8 35. Qxh6 Qe4 36. Rc1 Rb8 37. Qh5+ Ke7 38. Qxa5 Rxb3 39. Qa7+ Rb7 40. Qe3 Qe6 41. Qxe6+ Kxe6 42. c4 Rc7 43. c5 Rc6 44. g4 Kf7 45. Kg2 Kg6 46. f4 Kh6 47. Kg3 Kg6 48. Kh4 Kh6 49. g5+ Kg6 50. Kg4 fxg5 51. fxg5 Kg7 52. h4 Kg6 53. h5+ Kg7 54. Kf5 Kf7 55. Ke5 Ke7 56. Kd5 Kd7 57. g6 Kc7 58. g7 Rd6+ 59. cxd6+ Kd7 60. Rc7+ Kd8 1-0

[Event "GER-chT U12"]
[Site "Munich"]
[Date "2022.12.28"]
[Round "4"]
[White "Burban, Bogdan"]
[Black "Schucht, Adrian"]
[Result "1-0"]
[WhiteElo "1258"]
[BlackElo "1235"]
[PlyCount "59"]
[EventDate "2022.12.26"]
[EventType "team-swiss"]
[EventRounds "7"]
[EventCountry "GER"]
[SourceTitle "CBM 212 Extra"]
[Source "ChessBase"]
[SourceDate "2023.03.31"]
[SourceVersion "1"]
[SourceVersionDate "2023.03.31"]
[SourceQuality "1"]
[WhiteTeam "Paderborn Akademie"]
[BlackTeam "Oberschoeneweide"]
[WhiteTeamCountry "GER"]
[BlackTeamCountry "GER"]

1. d4 d5 2. c4 e6 3. Nc3 Nf6 4. cxd5 exd5 5. Bg5 Nbd7 6. e3 Be7 7. Bd3 0-0 8. Nf3 b6 9. 0-0 Bb7 10. Rc1 c6 11. h3 Rc8 12. Bf4 Re8 13. Ne5 Nxe5 14. Bxe5 Bd6 15. Bxf6 Qxf6 16. Qh5 g6 17. Qg4 Bc7 18. Rc2 Qd6 19. g3 Rcd8 20. Rfc1 Bc8 21. Qh4 Bd7 22. Nb5 cxb5 23. Rxc7 Ra8 24. Kh2 Red8 25. Rxa7 Kg7 26. a3 f6 27. Rac7 h5 28. Kg2 Rh8 29. Qf4 Qe6 30. Rxd7+ 1-0

[Event "GER-chT School WK GS"]
[Site "Playchess.com INT"]
[Date "2020.06.11"]
[Round "1.2"]
[White "Lillich, Johannes"]
[Black "Schucht, Adrian"]
[Result "0-1"]
[WhiteElo "1385"]
[BlackElo "1615"]
[PlyCount "66"]
[EventDate "2020.06.11"]
[EventType "team-swiss (blitz)"]
[EventRounds "7"]
[EventCountry "GER"]
[SourceTitle "EXT 2021"]
[Source "ChessBase"]
[SourceDate "2020.10.23"]
[SourceVersion "1"]
[SourceVersionDate "2020.10.23"]
[SourceQuality "1"]
[WhiteTeam "Rauch BW"]
[BlackTeam "Berlin Rotation"]
[WhiteTeamCountry "GER"]
[BlackTeamCountry "GER"]

1. e3 e5 2. e4 Nf6 3. Nf3 Nxe4 4. Nxe5 Qe7 5. d4 d6 6. Bd2 dxe5 7. dxe5 Qxe5 8. Bd3 Nc3+ 9. Be2 Nxd1 10. Kxd1 Qxb2 11. Bc3 Qb6 12. Re1 Be7 13. Bxg7 Rg8 14. Bc3 Qxf2 15. Bd2 Qf6 16. Bc3 Qd6+ 17. Bd3 Qd8 18. Kc1 Nc6 19. Bxh7 Rxg2 20. Be4 Rxh2 21. Rg1 Be6 22. Bd5 Qxd5 23. Rg8+ Bf8 24. Rg1 Rh1 25. Rxh1 Qxh1+ 26. Kb2 0-0-0 27. a4 a6 28. Na3 Qh4 29. Rf1 Qxa4 30. Bf6 Rd2 31. Bg5 Bxa3+ 32. Kb1 Qxc2+ 33. Ka1 Qa2# 0-1